000 00301nam a22001337a 4500
008 170607b xxu||||| |||| 00| 0 eng d
020 _a9780674021785
041 _aeng
080 _a327
100 _a18
101 _aSHP
245 _aTHE RUSSIANS IN THE SOVIET UNION
_cHOSKING,G
942 _2udc
_cBK
999 _c16212
_d16212